Η Ψυχολογία της επινόησης στα μαθηματικά
Αποθηκεύτηκε σε:
| Κύριος συγγραφέας: | |
|---|---|
| Άλλοι συγγραφείς: | |
| Μορφή: | Βιβλίο |
| Γλώσσα: | Greek English |
| Δημοσίευση: |
Αθήνα :
Κάτοπτρο,
c1995.
|
| Θέματα: | |
| Ετικέτες: |
Προσθήκη ετικέτας
Δεν υπάρχουν, Καταχωρήστε ετικέτα πρώτοι!
|
MARC
| LEADER | 00000cam a2200000 i 4500 | ||
|---|---|---|---|
| 001 | 1/33396 | ||
| 008 | 960802s1995 gr | ||| |||| ||gre|| | ||
| 020 | |a 9607023897 | ||
| 035 | |1 ΕΛΗ |a 1996 |b 0108 |c ΒΙΒΛΙΟΘΗΚΗ |l 10039357 | ||
| 035 | |a 1998 |b 1 |c ΚΠΣ/Δημοτικής Εκπαίδευσης | ||
| 035 | |a 1998 |b 1 |c ΚΠΣ/Ν | ||
| 040 | |a GR-MyUA |b gre |e AACR2 | ||
| 041 | 1 | |a gre |h eng | |
| 082 | 0 | |a 510.1 | |
| 100 | 1 | |a Hadamard, Jacques, |d 1865-1963. | |
| 245 | 1 | 2 | |a Η Ψυχολογία της επινόησης στα μαθηματικά / |c Jacques Hadamard ; μετάφραση Στέλιος Ζαχαρίου. |
| 260 | |a Αθήνα : |b Κάτοπτρο, |c c1995. | ||
| 300 | |a 170 σ. ; |c 22 εκ. | ||
| 500 | |a Τίτλος πρωτοτύπου: The psychology of invention in the mathematical field. | ||
| 650 | 0 | 0 | |a Inventions. |
| 650 | 0 | 0 | |a Mathematics |x Philosophy. |
| 650 | 0 | 0 | |a Mathematicians |x Psychology. |
| 650 | 0 | 0 | |a Psychology. |
| 700 | 1 | |a Ζαχαρίου, Στέλιος, |e trl | |
| 852 | |a INST |b RHODES |e 19980526 |h 510.19 HAD |p 005400006303 |q 005400006303 |t BK |y 0 | ||
| 852 | |a INST |b RHODES |e 19980331 |h 510.19 HAD |p 005400010847 |q 005400010847 |t BK |y 0 | ||
| 852 | |a INST |b SAMOS |e 19960802 |h 510.1 HAD |p 005300009426 |q 005300009426 |t BK |y 0 | ||
| 901 | |a BIBL-1998-1 | ||
| 909 | |a Σ |b 041764 | ||
| 909 | |a Ρ |b 053156 | ||
| 909 | |a Ρ |b 053649 | ||